| 000 | 00573nam a22002177a 4500 | ||
|---|---|---|---|
| 003 | OSt | ||
| 005 | 20220107122810.0 | ||
| 008 | 160319b xxu||||| |||| 00| 0 eng d | ||
| 020 | _a9780198099307 | ||
| 040 | _cIIITMK | ||
| 082 | _a005.73C THA/D;1 | ||
| 100 |
_aThareja, Reema _98608 |
||
| 245 |
_aData stuctures using C _cReema Thareja |
||
| 250 | _a2 | ||
| 260 |
_aNew Delhi, _bOxford University Press, _c2014 |
||
| 300 | _axvi, 532p. | ||
| 650 |
_aDATA STRUCTURES _98609 |
||
| 650 |
_aPROGRAMMING LANGUAGE _98610 |
||
| 650 |
_aC PROGRAMMING _98611 |
||
| 942 |
_2ddc _cBK |
||
| 999 |
_c5014 _d5014 |
||